The psychological technique of Martin Luther Thomas' radio addresses
Αποθηκεύτηκε σε:
| Κύριος συγγραφέας: | |
|---|---|
| Μορφή: | Βιβλίο |
| Γλώσσα: | English |
| Δημοσίευση: |
Stanford, CA :
Stanford University Press,
2000.
|
| Θέματα: | |
| Διαθέσιμο Online: | Πίνακας περιεχομένων: |
| Ετικέτες: |
Προσθήκη ετικέτας
Δεν υπάρχουν, Καταχωρήστε ετικέτα πρώτοι!
|
MARC
| LEADER | 00000cam a2200000 a 4500 | ||
|---|---|---|---|
| 001 | 1/106474 | ||
| 008 | 150522s2000####xxu| ||| |||| ||eng|| | ||
| 020 | |a 0804740038 | ||
| 040 | |a GR-MyUa |b gre |c GR-MyUa |e AACR2 | ||
| 041 | 0 | |a eng | |
| 082 | 7 | |a 302.2344 |2 (23) | |
| 100 | 1 | |a Adorno, Theodor W., |d 1903-1969. | |
| 245 | 1 | 4 | |a The psychological technique of Martin Luther Thomas' radio addresses / |c Theodor W. Adorno. |
| 260 | |a Stanford, CA : |b Stanford University Press, |c 2000. | ||
| 300 | |a 131 σ. : |c 23 εκ. | ||
| 504 | |a Περιλαμβάνει βιβλιογραφία και ευρετήριο. | ||
| 600 | 1 | 0 | |a Thomas, Martin Luther. |
| 650 | 0 | |a Christianity and politics |z United States. | |
| 650 | 0 | |a Fascism |z United States. | |
| 650 | 0 | |a Radio in propaganda |z United States. | |
| 650 | 0 | |a Radio in religion |z United States. | |
| 852 | |a INST |b LESVOS |e 20150522 |h 302.2344 ADO |p 005100056630 |q 005100056630 |t BK |y 0 | ||
| 856 | |3 Πίνακας περιεχομένων: |u http://www.loc.gov/catdir/toc/cam027/00024888.html | ||
| 970 | |a Τζαφέρη |b Ευαγγελία |z 20-05-2015 | ||